000 02716nas a22002895i 4500
001 1572-8595
003 DE-He213
005 20200203194707.0
007 cr nn 008mamaa
008 150723s||||||||xxuuu poo|||||| b|EN |d
022 _a1572-8595
024 7 _a10.1007/10840.1572-8595
_2doi
210 1 0 _aJ Interv Card Electrophysiol
245 1 0 _aJournal of Interventional Cardiac Electrophysiology
_h[electronic resource] :
_bAn International Journal of Cardiac Arrhythmias and Rhythm Management /
_cedited by Andrea Natale.
264 1 _aNew York :
_bSpringer US :
_bImprint: Springer.
300 _bonline resource.
520 _aThe Journal of Interventional Cardiac Electrophysiology is an international publication devoted to fostering research in and development of interventional techniques and therapies for the management of cardiac arrhythmias. It is designed primarily to present original research studies and scholarly scientific reviews of basic and applied science and clinical research in this field. The Journal will adopt a multidisciplinary approach to link physical, experimental, and clinical sciences as applied to the development of and practice in interventional electrophysiology. The Journal will examine techniques ranging from molecular, chemical and pharmacologic therapies to device and ablation technology. Accordingly, original research in clinical, epidemiologic and basic science arenas will be considered for publication. Applied engineering or physical science studies pertaining to interventional electrophysiology will be encouraged. The Journal is committed to providing comprehensive and detailed treatment of major interventional therapies and innovative techniques in a structured and clinically relevant manner. It is directed at clinical practitioners and investigators in the rapidly growing field of interventional electrophysiology. The editorial staff and board reflect this bias and include noted international experts in this area with a wealth of expertise in basic and clinical investigation. Peer review of all submissions, conflict of interest guidelines and periodic editorial board review of all Journal policies have been established.
650 0 _aCardiology.
650 1 4 _aCardiology.
_0http://scigraph.springernature.com/things/product-market-codes/H33037
700 1 _aNatale, Andrea.
_eeditor.
_4edt
_4http://id.loc.gov/vocabulary/relators/edt
710 2 _aSpringerLink (Online service)
776 0 8 _iPrinted version:
_x1383-875X
856 4 0 _uhttps://doi.org/10.1007/10840.1572-8595
_zHybrid
999 _c457078
_d457078
942 _cEMG